• 首页
  • 本馆介绍
  • 公告通知
  • 最新文献
  • 馆藏检索
  • 电子资源
  • 读者导购
  • 参考咨询
  • 我的图书馆
  • 登录
  • 详细信息显示
  • 放入我的书架
  • 预约/预借图书
  • 作者相关作品
  • 分类相关作品
  • 丛书相关作品
  • 出版社相关作品

书目信息

  • 表格格式
  • 工作单格式
  • 卡片格式
题名:
络合物化学
    
 
作者: 张祥麟 编
分册:  
出版信息: 北京   冶金工业出版社  1979
页数: 268页
开本: 20cm
丛书名:
单 册:
中图分类: O62-43
科图分类:
主题词: 湿法冶金-络合物化学--高等学校--教材 , 络合物化学-湿法冶金--高等学校--教材 , 有机化学
电子资源:
ISBN:
000 00711nam0 2200253 45
001 0179008223
005 20060816104936.26
010    @dCNY1.10
091    @a15062.3438
100    @a19950801d1979 em y0chiy0121 ea
101 0  @achi
102    @aCN@b110000
105    @ay z 000yy
200 10 @a络合物化学@Aluo he wu hua xue@f张祥麟编@Fzhang xiang lin bian
210    @a北京@c冶金工业出版社@d1979
215    @a268页@d20cm
300    @a高等学校教学用书
606    @a湿法冶金-络合物化学@x高等学校@x教材
606    @a络合物化学-湿法冶金@x高等学校@x教材
606 0  @a有机化学
690    @aO62-43@v4
701  0 @a张祥麟@Azhang xiang lin@4编
801  0 @aCN@bTSSF@c20060816
905    @a10447@dO62-43@e124
    
    络合物化学/张祥麟编.-北京:冶金工业出版社,1979
    268页;20cm
    高等学校教学用书
    
    ISBN :CNY1.10
    
●
相关链接 在E读中查询图书 在五车中查询图书 在当当中查询图书 在豆瓣中查询图书


正题名:络合物化学     索取号:O62-43/124         预约/预借

序号 登录号 条形码 馆藏地/架位号 状态 备注
1 0024372   001050329   密集书库/ [索取号:O62-43/124] 在馆    
2 0024374   202317876   密集书库/ [索取号:O62-43/124] 在馆    
3 0024375   202317910   密集书库/ [索取号:O62-43/124] 在馆    
4 0024377   202317821   密集书库/ [索取号:O62-43/124] 在馆    
5 0024378   001050365   密集书库/ [索取号:O62-43/124] 在馆    
6 0024380   202318018   密集书库/ [索取号:O62-43/124] 在馆    
7 0024381   202317947   密集书库/ [索取号:O62-43/124] 在馆    
8 0024382   202318072   密集书库/ [索取号:O62-43/124] 在馆    
9 0024383   001050356   密集书库/ [索取号:O62-43/124] 在馆    
10 0024384   202318063   密集书库/ [索取号:O62-43/124] 在馆    
11 0024385   202318054   密集书库/ [索取号:O62-43/124] 在馆    
12 0024386   202317830   密集书库/ [索取号:O62-43/124] 在馆    
13 0443094   204430945   密集书库/ [索取号:O62-43/124] 在馆    
14 0443095   204430954   密集书库/ [索取号:O62-43/124] 在馆    
15 0461854   204618547   密集书库/ [索取号:O62-43/124] 在馆    
唐山师范学院图书馆 欢迎您!
大连网信软件有限公司© 版权所有